Random Scooby-Doo Villains - Statistics

General Stats
  • This quiz has been taken 32 times
    31 since last reset
  • The average score is 8 of 16
Answer Stats
Picture Answer % Correct
Headless Horseman
83%
Devil Snake
72%
Headless Specter
67%
No-Face Zombie
67%
Shark Men
67%
Phantom Shadow
56%
Headless Count
50%
Headless Horror
50%
Mummy of Ankha
50%
Que Horrifico
50%
Moon Monster
44%
Frozen Fiend
39%
Ghost of Christmas Never
39%
Toxic Terror
39%
Friar Serra
33%
Archie Barnes
22%
No matching quizzes found
Score Distribution
Percent of People with Each Score
Percentile by Number Answered
Your Score History
You have not taken this quiz since the last reset